History Quiz

Random History or Year Quiz

Events That Happened in 2013 Quiz Stats

 Plays Quiz Updated Nov 8, 2017

Challenge
Share
Tweet
Embed
Score 0/23 Timer 07:00
2 Plays Today
Hint Answer % Correct
December 5th: The death of this anti-apartheid revolutionary, the first black President of South Africa at the age of 95, in Johannesburg.Nelson Mandela
86.7%
April 15th: Two Chechen brothers detonate bombs at which annual US event, killing three.Boston Marathon
84.5%
April 8th: Death of this first female British Prime Minister.Margaret Thatcher
84.2%
October 1st: Failings by the Congress to enact legislation appropriating funds for 2014 leads to the shutdown of this nation's government.United States
81.7%
February 12th: This country conducts its third underground nuclear test, prompting condemnation and sanctions.North Korea
81.1%
November 23rd: The 50th anniversary of this popular British sci-fi television series is celebrated.Doctor Who
73.9%
November 24th: This country agrees to limit its Uranium enrichment program in return for sanctions relief.Iran
73.2%
March 13th: This pope is elected, the 266th, following the resignation of Benedict XVI on February 28th.Francis
69%
December 16th: The first soft landing on the Moon since 1976 is accomplished by this country.China
68.7%
June 6th: This person discloses sensitive information about US government mass surveillance to news agencies and flees the country.Edward Snowden
66.9%
July 22nd: Catherine, Duchess of Cambridge gives birth to this heir to the British monarchy.Prince George of Cambridge
64.4%
November 30th: A high speed car accident leads to the death of this 'Fast and Furious' actor.Paul Walker
63.1%
Hint Answer % Correct
September 21st: Islamic militants attack Westgate shopping centre in this east African country, killing 62.Kenya
58.7%
January 11th: This country began its five month intervention into the North Mali conflict.France
50.7%
February 15th: 1,491 people were injured and 4,300 buildings damaged in Chelyabinsk, Russia due to the occurrence of what?Meteor
42.5%
February 24th: The winner of the Best Picture at the Oscars goes to this movie.Argo
40.4%
September 7th: The host of the 2020 Summer Olympics is announced as this city.Tokyo
33.5%
January 16th: 40 hostages were killed during a hostage crisis in a natural gas facility in this country.Algeria
23.7%
July 1st: This country becomes the 28th member of the European Union.Croatia
21.9%
September 16th: A lone gunman attacks and fatally shoots 12 people at this facility in Washington DC.Washington Navy Yard
20.6%
April 24th: An eight-story building collapses in this capital city, killing 1,129 people.Dhaka
16.5%
November 8th: This typhoon, one of the strongest on record, hits the Philippines and Vietnam causing over 6,000 deaths.Haiyan/Yolanda
12.6%
November 12th: Portraits of Lucian Freud by this artist fetch $142.4million in a New York City auction setting a new record.Francis Bacon
6.2%

You're not logged in!

Compare scores with friends on all Sporcle quizzes.
OR
Log In

You Might Also Like...

Show Comments

Extras

Top Quizzes Today


Score Distribution

Your Account Isn't Verified!

In order to create a playlist on Sporcle, you need to verify the email address you used during registration. Go to your Sporcle Settings to finish the process.

Report this User

Report this user for behavior that violates our Community Guidelines.

Details: